| 000 -LEADER |
| fixed length control field |
01567pab a2200169 454500 |
| 008 - FIXED-LENGTH DATA ELEMENTS--GENERAL INFORMATION |
| fixed length control field |
180718b1998 xxu||||| |||| 00| 0 eng d |
| 100 ## - MAIN ENTRY--PERSONAL NAME |
| Personal name |
Hindera, John J. |
| 245 ## - TITLE STATEMENT |
| Title |
Representative bureaucracy: the theoretical implications of statistical interaction |
| 260 ## - PUBLICATION, DISTRIBUTION, ETC. |
| Date of publication, distribution, etc. |
1998 |
| 300 ## - PHYSICAL DESCRIPTION |
| Extent |
p.655-71 |
| 362 ## - DATES OF PUBLICATION AND/OR SEQUENTIAL DESIGNATION |
| Dates of publication and/or sequential designation |
Sep |
| 520 ## - SUMMARY, ETC. |
| Summary, etc. |
The research extends our knowledge of the relationship between passive representative bureaucracy and active representative bureaucracy (Mosher 1968). We utilize data from the United States Equal Employment Opportunity Commission (EEOC) to posit and test a theory of situational thresholds. Our theory is premised on the argument that Meier's (1993b) construct, critical mass, constitutes a particular example of a more general concept, situational threshold (Campbell 1963). We present evidence that three situational thresholds exist in the EEOC bureaucratic environment which determine the nature of the relationship between passive representativeness and active representation: when a critical mass is reached; when a group constitutes a plurality; and when a group constitutes a majority. In toto, these three situational thresholds delineate four distinct social environments in which active representation transpires. Our findings strongly suggest that the relationship between passive representation and active representation is fundamentally different for each type of bureaucratic environment. - Reproduced |
| 650 ## - SUBJECT ADDED ENTRY--TOPICAL TERM |
| Topical term or geographic name entry element |
Bureaucracy |
| 700 ## - ADDED ENTRY--PERSONAL NAME |
| Personal name |
Young, Cheryl D. |
| 773 ## - HOST ITEM ENTRY |
| Main entry heading |
Political Research Quarterly |
| 909 ## - |
| -- |
38892 |